Современные методы измерений расхода и количества энергоносителей при помощи расходомеров переменного перепада давления и счетчиков-расходомеров и использование результатов измерений для сведения балансов между поставщиком и потребителем: учебное пособие

Bibliografiset tiedot
Päätekijä: Патрикеев В. Г.
Yhteisötekijä: Всероссийский научно-исследовательский институт метрологической службы
Muut tekijät: Беляев Б. М.
Kieli:venäjä
Julkaistu: Москва, ВНИИМС, 2001
Aiheet:
Aineistotyyppi: Kirja
KOHA link:https://koha.lib.tpu.ru/cgi-bin/koha/opac-detail.pl?biblionumber=58219

MARC

LEADER 00000nam0a2200000 4500
001 58219
005 20231031054852.0
035 |a (RuTPU)RU\TPU\book\61469 
090 |a 58219 
100 |a 20031125d2001 m y0rusy50 ca 
101 0 |a rus 
102 |a RU 
105 |a y j 001zy 
200 1 |a Современные методы измерений расхода и количества энергоносителей при помощи расходомеров переменного перепада давления и счетчиков-расходомеров и использование результатов измерений для сведения балансов между поставщиком и потребителем  |e учебное пособие  |f В. Г. Патрикеев, Б. М. Беляев 
210 |a Москва  |c ВНИИМС  |d 2001 
215 |a 66 с. 
320 |a Библиогр.: с. 43-45 
610 1 |a измерительная техника 
610 1 |a измеряемые среды 
610 1 |a физические свойства 
610 1 |a давление 
610 1 |a перепады 
610 1 |a измерения 
610 1 |a энергоносители 
610 1 |a расход 
610 1 |a количество 
610 1 |a техническая документация 
610 1 |a создание 
610 1 |a требования 
610 1 |a метрологический контроль 
610 1 |a погрешности 
610 1 |a баланс 
610 1 |a учебные пособия 
675 |a 681.121(07)  |v 3 
675 |a 621.317.38(07)  |v 3 
700 1 |a Патрикеев  |b В. Г. 
701 1 |a Беляев  |b Б. М. 
712 0 2 |a Всероссийский научно-исследовательский институт метрологической службы  |2 stltpush  |3 (RuTPU)RU\TPU\col\4123 
801 1 |a RU  |b 63413507  |c 20031125  |g PSBO 
801 2 |a RU  |b 63413507  |c 20031216  |g PSBO 
942 |c BK